Les stations du métro parisien en devinettes (1) - Statistiques

Statistiques générales
  • Ce quiz a été pris 155 fois
  • Le résultat moyen est 9 sur 30
Statistiques - réponses
Définition Ligne Station % Correct
Disparue du paysage en 1789 1 5 & 8 Bastille
75%
Grand-père d'Elisabeth 1 George V
68%
Parfaite entente 1 8 & 12 Concorde
65%
Tout un pays 1 2 6 & 9 Nation
63%
Sa dame aima Voltaire 1 4 7 11 & 14 Châtelet
56%
Femme de la Plata 1 Argentine
47%
Ecrin de pyramide 1 Louvre
46%
On y tient conseil 1 & 11 Hôtel de ville
43%
Espèce de paradis latin 1 & 13 Champs-Elysées
38%
Tigre à grosses moustaches 1 & 13 Clemenceau
38%
En l'empruntant on peut espérer arriver dans la 1ère commune mais certainement pas dans la seconde 10 & 12 Sèvres-Babylone
28%
Transmetteur obsolète 11 Télégraphe
28%
Monstre sacré 1 6 & 6 Etoile
27%
La riposte 1 La Défense
26%
On ne peut avoir d'ardoise avec elles 1 Tuileries
26%
Un saint particulièrement sollicité ? 1 Saint-Mandé
25%
Comtesse conteuse ou maréchal 10 Ségur
24%
Accord 12 Convention
23%
Eau non potable 10 Javel
21%
Emblème écossais 10 Chardon
20%
Fonds baptismaux naturels 11 Jourdain
18%
1er au Panthéon 10 Mirabeau
18%
Autrefois Condate 12 Rennes
18%
Elles ont voix au chapitre 12 Abbesses
13%
Ils n'ont toujours pas disparus malgré le mot de Louis XIV 11 Pyrénées
13%
Maison Mère 10 Cluny
11%
N'est pas dans un camp de nudiste 1 Porte Maillot
11%
Veste autrichienne 1 Rivoli
11%
Drame de 1859 12 Solférino
11%
On y tient souvent salon 12 Porte de Versailles
10%
Aucun quiz correspondant
Distribution des résultats
% des personnes avec chaque résultat
Percentile par nombre de réponses
Votre historique - résultats
Vous n’avez pas pris ce quiz